000 00866cam a22002411 4500
008 101128s1969 fr a 000 0 fre
040 _aDLC
_cNRU
_dDLC
_dEG-GiCUC
050 0 0 _aPC2420
_b.G28 1969
092 0 4 _a448.2
_bG156 1969
_221
099 _a04
_a448.2 G156 1969
100 1 _aGalichet, Georges.
245 1 0 _aGrammaire franًcaise expliquâee
_c[par] Georges Galichet ... Renâe Galichet.
250 _a10th âedition revue et mise a jour ...
_bEnseignement moyen (11 a 14 ans), cycle d'observation (6e et 5e).
260 _aParis,
_bCharles-Lavauzelle et Cie,
_c1969.
300 _a379 p.
_billus.
_c24 cm.
650 0 _aFrench language
_xStyle.
700 1 _aGalichet, Renâe,
_ejoint author.
902 _a1
905 _aEman
_eRev.
905 _aJamal
_eCat.
942 _2ddc
_cBK
999 _c121297
_d121297